| 000 | 01960nam a2200385 c 4500 | ||
|---|---|---|---|
| 003 | BLK | ||
| 005 | 20250416104147.0 | ||
| 008 | 180409b bul|||||r ||||||| ||bul|| | ||
| 010 | _aKNG00116208000 | ||
| 020 |
_a954-9930-15-7 _bиздат.: Матком |
||
| 040 | _aBLK | ||
| 041 |
_aBUL _cBUL |
||
| 080 |
_aЕлектротехника _b621.3 _x(075.32) _z621.3(075.32) |
||
| 080 |
_aЕлектроника.Фотоелектроника.Електронни лампи и тръби.Рентгенова техника.Ускорители. Вж и 615.84; 616-073.7; 621.3.032 _b621.38 _x(075.32) _z621.38(075.32) |
||
| 100 | 1 |
_aБечева, Мария Кузманова _eпърви автор _9311956 |
|
| 700 | 1 |
_aЗлатенов, Илия Димитров _eсъавт. _970059 |
|
| 139 |
_aБечева, Мария Кузманова и др. _bБ 42 |
||
| 245 | 1 | 0 |
_aЕлектротехника и електроника _bУчебник за всички неелектротехн. професии и спец. _cМария Кузманова Бечева; съавт. Илия Димитров Златенов. |
| 257 | _aBGR | ||
| 260 |
_аСофия _bМатком _c2003 _fСофия : Изток-Запад |
||
| 300 |
_a215 с. _bс ил. _c22 см |
||
| 380 | _a62 | ||
| 500 | _aОфс. изд. - 500 тир. - Библиогр. с. 211 | ||
| 650 | 4 |
_aЕлектротехника - учебници за средни специални училища _9253541 |
|
| 650 | 4 |
_aЕлектроника - учебници за средни специални училища _9261672 |
|
| 653 | _aелектротехника | ||
| 653 | _aелектроника | ||
| 653 | _aучебници за средни училища | ||
| 852 | _aЦб 221704 | ||
| 856 | 4 |
_qpdf _u |
|
| 856 | 4 |
_qpdf _u |
|
| 942 |
_cKNG _n0 _09 |
||
| 944 |
_aCR _c12.11.2004 _lДиана Гривева _k30529 |
||
| 944 |
_aED _c10.12.2012 _lф / _k |
||
| 999 |
_c110876 _d110876 |
||